Global conference on business and finance proceedings : Honolulu, Hawaii, US : January 3 - 6, 2012
Enregistré dans:
| Collectivité auteur: | |
|---|---|
| Format: | Livre |
| Langue: | anglais espagnol |
| Publié: |
Hilo
<The> Institute for Business and Finance Research
2012
|
| Sujets: | |
| Tags: |
Pas de tags, Soyez le premier à ajouter un tag!
|
MARC
| LEADER | 00000nlm$a2200000$$$4500 | ||
|---|---|---|---|
| 001 | 0150631 | ||
| 005 | 20221207094715.7 | ||
| 022 | |a 1931-0285 | ||
| 041 | 0 | |a eng | |
| 041 | 0 | |a spa | |
| 044 | |a US | ||
| 245 | 1 | 0 | |a Global conference on business and finance |b proceedings : Honolulu, Hawaii, US : January 3 - 6, 2012 |
| 264 | 1 | |a Hilo |b <The> Institute for Business and Finance Research |c 2012 | |
| 300 | |a CD-ROM [1340 s.] | ||
| 610 | 2 | 0 | |a podnikanie |
| 610 | 2 | 0 | |a podnikanie medzinárodné |
| 610 | 2 | 0 | |a financie |
| 610 | 2 | 0 | |a financie medzinárodné |
| 610 | 2 | 0 | |a spolupráca hospodárska medzinárodná |
| 110 | 2 | |a Global conference on business and finance | |